Revista cubana de derecho

Bibliographic Details
Corporate Author: Unin̤ Nacional de Juristas de Cuba
Format: Unknown
Language:Spanish
Published: La Habana : Unin̤ Nacional de Juristas de Cuba
Subjects:
Online Access:Acceso restringido

MARC

LEADER 00000ny a22000003n 4500
005 20110510150234.0
008 031203d19uu9999cu fr 0 b0spa
022 |a 0864-165X 
035 |a 2615 
040 |a SpMaUCSC  |d vLex 
090 |c 1592  |d 1592 
245 3 0 |a Revista cubana de derecho  |h [Recurso electrn̤ico]  |c Unin̤ Nacional de Juristas de Cuba 
256 |a Servicio en ln̕ea 
260 |a La Habana :  |b Unin̤ Nacional de Juristas de Cuba 
310 |a Trimestral,  |b 1987- 
321 |a Semestral 
506 1 |a Contenido solo disponible en los productos indicados  |d vLex Global  |d vLex Global (Academic Edition, excluding Law Schools)  |d vLex Global (U.S. Academic Edition, Law Schools)  |d vLex Global (U.S. Academic Edition, excluding Law Schools)  |d vLex Global (Academic Edition, Law Schools) 
650 0 4 |a Derecho  |z Cuba  |x Publicaciones perid̤icas 
710 2 |a Unin̤ Nacional de Juristas de Cuba 
740 0 |a vLex Revista (Servicios en ln̕ea) 
843 |a Electrn̤ica. Abierta 
853 |8 1  |i (year)  |j (month)  |k (day) 
856 4 0 |u http://vlex.com/source/2615  |z Acceso restringido 
942 |c REV